Эволюция геосинклиналей (овальный концентрически-зональный тип)

Dettagli Bibliografici
Autore principale: Зайцев Ю. А. Юлий Александрович
Lingua:russo
Pubblicazione: Москва, Недра, 1984
Soggetti:
Natura: MixedMaterials Libro
KOHA link:https://koha.lib.tpu.ru/cgi-bin/koha/opac-detail.pl?biblionumber=281857

MARC

LEADER 00000nam0a2200000 4500
001 281857
005 20231101235437.0
035 |a (RuTPU)RU\TPU\book\305706 
090 |a 281857 
100 |a 20150127d1984 km y0rusy50 ca 
101 0 |a rus 
102 |a RU 
105 |a a z 001zy 
200 1 |a Эволюция геосинклиналей (овальный концентрически-зональный тип)  |f Ю. А. Зайцев 
210 |a Москва  |c Недра  |d 1984 
215 |a 208 с.  |c ил. 
320 |a Библиогр.: с. 206-207 
606 1 |a Геосинклинали  |2 stltpush  |3 (RuTPU)RU\TPU\subj\6223  |9 34157 
610 1 |a эволюция 
610 1 |a структура 
610 1 |a складчатые области 
610 1 |a сравнительная тектоника 
610 1 |a образование 
675 |a 551.242.32  |v 4 
700 1 |a Зайцев  |b Ю. А.  |g Юлий Александрович 
801 1 |a RU  |b 63413507  |c 20150127 
801 2 |a RU  |b 63413507  |c 20170626  |g RCR 
942 |c BK